000
00328nam a2200133Ia 4500
008
240624s9999 xx 000 0 und d
041
_a
eng
082
_a
808.85 IYE
100
_a
IYER VIJAYALAKSHMI
245
_a
WORLD S GREAT SPEECHES
260
_c
2007
_a
Delhi
_b
Gnosis
300
_a
ix, : 201 : p. : cm. ; 21
365
_c
RS
_b
20
999
_c
8069
_d
8069